The Walking Dead or American Horror Story? Quiz Stats

 Plays Quiz Updated Mar 27, 2014

Support Sporcle.
Go Orange.
Score 0/25 Timer 06:00
2 Plays Today
% Correct
???
98.3%
???
96.1%
???
95.8%
???
95.5%
???
95.2%
???
95.1%
???
95.1%
???
94.2%
???
94.2%
???
94.1%
???
94%
???
94%
???
92.4%
% Correct
???
92.4%
???
92.3%
???
92.2%
???
91.9%
???
91.9%
???
91.5%
???
91.1%
???
90.4%
???
89.6%
???
89.1%
???
87.9%
???
85.8%

You're not logged in!

Compare scores with friends on all Sporcle quizzes.
OR
Log In

From the Vault

Sliced Movies

by babymonkee

This is what movies would look like if your eyes were half closed.
Remove Ads.
Support Sporcle.
Get the best of Sporcle when you Go Orange. This ad-free experience offers more features, more stats, and more fun while also helping to support Sporcle. Thank you for becoming a member.

Show Comments

Extras

Top Quizzes Today


Score Distribution

Your Account Isn't Verified!

In order to create a playlist on Sporcle, you need to verify the email address you used during registration. Go to your Sporcle Settings to finish the process.

Report this User

Report this user for behavior that violates our Community Guidelines.

Details: